| 000 | 01022nam a2200265Ia 4500 | ||
|---|---|---|---|
| 003 | GCL | ||
| 008 | 140319s9999 xx 000 0 ara d | ||
| 020 | _a4125609977 | ||
| 040 |
_aGCL / _cGCL |
||
| 082 | 0 | 4 |
_aق _b328.0962 _bإ م |
| 100 | 1 | _aاسماعيل محمد زين الدين | |
| 245 | 1 | 0 |
_aالمعارضة فى البرلمان المصرى / _cاسماعيل محمد زين الدين |
| 250 | _aالاولى | ||
| 260 |
_aالقاهرة : _bدار الشروق ، _c2006 |
||
| 300 |
_a123 ص ؛ _c24 سم |
||
| 490 |
_aسلسلة التاريخ : الجانب الاخر : اعادة قراءة للتاريخ المصرى _v9 |
||
| 650 | 0 | 4 | _aالتاريخ الدستورى |
| 650 | 0 | 4 | _aالعلوم السياسية |
| 650 | 0 | 4 | _aمصر - الهيئات التشريعية |
| 650 | 0 | 4 | _aمصر - الدستور |
| 650 | 0 | 4 | _aمصر - احزاب سياسية |
| 650 | 0 | 4 | _aالدستور - تعديلات |
| 650 | 0 | 4 | _aمصر - تاريخ - الاحوال السياسية |
| 942 |
_2ddc _cBK |
||
| 999 |
_c9581 _d9581 |
||